000 00578nam a2200205Ia 4500
008 120830t1988 xxu||||| |||| 00| 0 sin d
041 _asin
080 _a8 S. 03: 820 (73) -31{1{r
_bub}
100 _aBak,Pearl.S
245 _aසාර භූමි
246 _aSara Bumi
260 _aGunasena
_aColombo
_c1988
300 _b337p, ill, 18 cm
500 _aSinhalese Translation Of Pearl S. Bak's of Gud Earth
700 _aHemaloka Himi,Urapola
700 _aWijayawardhana,Hemapala
_etr.
942 _cBK
999 _c39849
_d39849
003 LK-CoDNM
040 _aLK-CoDNM
_dLK-CoDNM
_eLK-CoDNM